[Event "Balatonalmadi Pannonia Cup 20th"]
[Site "Balatonalmadi"]
[Date "2015.08.01"]
[Round "6"]
[White "Nyeki, Bence"]
[Black "Csati, Oliver"]
[Result "0-1"]
[WhiteElo "1919"]
[BlackElo "2189"]
[PlyCount "72"]
[EventDate "2015.07.29"]
[EventType "swiss"]
[EventRounds "7"]
[EventCountry "HUN"]
[SourceTitle "EXT 2016"]
[Source "ChessBase"]
[SourceDate "2015.10.08"]
[SourceVersion "1"]
[SourceVersionDate "2015.10.08"]
[SourceQuality "1"]

1. d4 f5 2. e4 fxe4 3. Nc3 Nf6 4. Bg5 e6 5. Nxe4 Be7 6. Ng3 0-0 7. Nf3 c5 8. Bd3 cxd4 9. Nxd4 Qb6 10. 0-0 Qxb2 11. Nb3 Qe5 12. Qd2 Qc7 13. c4 Nc6 14. a3 b6 15. Qc2 h6 16. Bc1 Ne5 17. Nd4 Nxd3 18. Qxd3 Ba6 19. Qg6 Ne8 20. Nh5 Qxc4 21. Bb2 Qd3 22. Qg4 Bg5 23. Rfd1 Qc4 24. Qe4 Nf6 25. Nxf6+ Bxf6 26. Rac1 Qa4 27. Qg6 Rac8 28. Qb1 Rxc1 29. Qxc1 Rc8 30. Qd2 Bg5 31. Qe1 Qc4 32. Nf3 Qb5 33. Nxg5 Qxb2 34. Rxd7 Qe2 35. Qb1 hxg5 36. h4 Rc2 0-1

[Event "HUN-chT2 Breyer 1415"]
[Site "Hungary"]
[Date "2015.04.26"]
[Round "?"]
[White "Torok, Tamas Titusz"]
[Black "Nyeki, Bence"]
[Result "1/2-1/2"]
[WhiteElo "2098"]
[BlackElo "1888"]
[PlyCount "88"]
[EventDate "2014.09.07"]
[EventType "team-tourn"]
[EventRounds "11"]
[EventCountry "HUN"]
[SourceTitle "EXT 2016"]
[Source "ChessBase"]
[SourceDate "2015.10.08"]
[SourceVersion "1"]
[SourceVersionDate "2015.10.08"]
[SourceQuality "1"]
[WhiteTeam "Pestszentlorinc"]
[BlackTeam "Gyor UDSE"]
[WhiteTeamCountry "HUN"]
[BlackTeamCountry "HUN"]

1. b3 Nf6 2. Bb2 d5 3. e3 g6 4. c4 c6 5. Nf3 Bg7 6. cxd5 cxd5 7. Bb5+ Bd7 8. Bxd7+ Nbxd7 9. 0-0 0-0 10. d4 Rc8 11. Qd3 Qc7 12. Nc3 Qb8 13. Rac1 Rfe8 14. h3 a6 15. a4 Rc6 16. b4 e6 17. b5 axb5 18. axb5 Rcc8 19. Na4 Ne4 20. Nd2 Nxd2 21. Qxd2 Bf8 22. Nc5 Nb6 23. Qe2 Nc4 24. Nd7 Qd6 25. Nf6+ Kg7 26. Nxe8+ Rxe8 27. Rxc4 dxc4 28. Qxc4 Qd5 29. Rc1 Bd6 30. e4 Qxc4 31. Rxc4 e5 32. Ra4 f6 33. dxe5 Bxe5 34. Bxe5 Rxe5 35. Rb4 Kf7 36. b6 Re6 37. f3 Ke7 38. Kf2 Kd7 39. Ke3 Kc6 40. Rb2 Kc5 41. Rd2 Rxb6 42. Rd7 h5 43. Rg7 g5 44. e5 Re6 1/2-1/2

[Event "Gyor op-A 5th"]
[Site "Gyor"]
[Date "2014.07.10"]
[Round "3"]
[White "Joba, Arpad"]
[Black "Nyeki, Bence"]
[Result "0-1"]
[WhiteElo "1729"]
[BlackElo "1964"]
[PlyCount "72"]
[EventDate "2014.07.09"]
[EventType "swiss"]
[EventRounds "9"]
[EventCountry "HUN"]
[SourceTitle "EXT 2016"]
[Source "ChessBase"]
[SourceDate "2015.10.08"]
[SourceVersion "1"]
[SourceVersionDate "2015.10.08"]
[SourceQuality "1"]

1. e4 e5 2. Nf3 Nf6 3. Nxe5 d6 4. Nf3 Nxe4 5. d4 d5 6. Bd3 Bd6 7. 0-0 0-0 8. Nbd2 Nxd2 9. Bxd2 Bg4 10. h3 Bh5 11. Re1 Nd7 12. b3 c6 13. c4 Rc8 14. c5 Bb8 15. Qc2 Bxf3 16. Bxh7+ Kh8 17. gxf3 g6 18. Bh6 Kxh7 19. Bxf8 Nxf8 20. Re3 Qh4 21. Kg2 Ne6 22. Rd1 Nf4+ 23. Kf1 Qxh3+ 24. Ke1 Ng2+ 25. Ke2 Nxe3 26. fxe3 Qg2+ 27. Kd3 Qxc2+ 28. Kxc2 Kg7 29. Kd3 Rh8 30. Rd2 Rh2 31. e4 Rxd2+ 32. Kxd2 dxe4 33. fxe4 Kf6 34. d5 cxd5 35. exd5 Ke5 36. d6 Bxd6 0-1

[Event "Gyor op-A 5th"]
[Site "Gyor"]
[Date "2014.07.10"]
[Round "2"]
[White "Nyeki, Bence"]
[Black "Csuta, Akos Koppany"]
[Result "1-0"]
[WhiteElo "1964"]
[BlackElo "1814"]
[PlyCount "87"]
[EventDate "2014.07.09"]
[EventType "swiss"]
[EventRounds "9"]
[EventCountry "HUN"]
[SourceTitle "EXT 2016"]
[Source "ChessBase"]
[SourceDate "2015.10.08"]
[SourceVersion "1"]
[SourceVersionDate "2015.10.08"]
[SourceQuality "1"]

1. d4 Nf6 2. c4 g6 3. Nc3 d5 4. Bf4 Bg7 5. e3 0-0 6. Rc1 c6 7. Nf3 Bg4 8. h3 Bxf3 9. Qxf3 Qa5 10. Bd3 dxc4 11. Bxc4 Qb4 12. Qe2 c5 13. a3 Qa5 14. 0-0 cxd4 15. exd4 Qb6 16. Nb5 Nh5 17. Bc7 Qf6 18. Be5 Qb6 19. Nc7 Bxe5 20. Qxe5 Nc6 21. Nxa8 Rxa8 22. Qc5 Nf4 23. Qxb6 axb6 24. Rfd1 e6 25. g3 Nd5 26. Bxd5 exd5 27. Rc3 Ra5 28. Rb3 b5 29. Rc3 b4 30. axb4 Nxb4 31. Rb3 Ra4 32. Ra3 Rxa3 33. bxa3 Nc2 34. a4 Kf8 35. Rd2 Nb4 36. Rb2 Nc6 37. Rxb7 Ke8 38. Rb5 Nxd4 39. Rxd5 Nc6 40. Kg2 Ke7 41. Rc5 Nd4 42. a5 Kd6 43. a6 Nc6 44. Rxc6+ 1-0

[Event "HUN-chT2 Breyer 1314"]
[Site "Hungary"]
[Date "2014.04.27"]
[Round "9"]
[White "Nyeki, Bence"]
[Black "Szabo, Zoltan2222"]
[Result "1-0"]
[WhiteElo "1928"]
[BlackElo "1873"]
[PlyCount "95"]
[EventDate "2013.09.08"]
[EventType "team-tourn"]
[EventRounds "9"]
[EventCountry "HUN"]
[SourceTitle "EXT 2016"]
[Source "ChessBase"]
[SourceDate "2015.10.08"]
[SourceVersion "1"]
[SourceVersionDate "2015.10.08"]
[SourceQuality "1"]
[WhiteTeam "Gyor Komszomol"]
[BlackTeam "Pet"]
[WhiteTeamCountry "HUN"]
[BlackTeamCountry "HUN"]

1. c4 f5 2. Nc3 Nf6 3. g3 e6 4. Bg2 d5 5. Nf3 c6 6. 0-0 Bd6 7. d3 e5 8. cxd5 cxd5 9. Bg5 d4 10. Nd5 0-0 11. Nxf6+ gxf6 12. Bh6 Rf7 13. Nh4 Bf8 14. Bxf8 Kxf8 15. f4 Nc6 16. Qc2 Bd7 17. Bd5 Re7 18. fxe5 Nb4 19. Qb3 Nxd5 20. Qxd5 Rxe5 21. Qxd4 Qb6 22. Qxb6 axb6 23. Kf2 Rae8 24. Rfe1 R8e7 25. Ng2 Bc6 26. Nf4 Kf7 27. Rec1 Rd7 28. Rc4 Rde7 29. Rac1 Ra5 30. a3 Rae5 31. Rb4 b5 32. d4 Re3 33. d5 Bxd5 34. Nxd5 Rxe2+ 35. Kg1 Rd7 36. Rc7 Rxc7 37. Nxc7 Ke7 38. Nd5+ Kf7 39. Rxb5 Re1+ 40. Kf2 Rh1 41. h4 Ke6 42. Nf4+ Kd6 43. Rxb7 Rb1 44. a4 Kc6 45. Rb5 Ra1 46. b3 Rb1 47. Rxf5 Rb2+ 48. Ne2 1-0

[Event "HUN-chT2 Breyer 1213"]
[Site "Hungary"]
[Date "2013.03.03"]
[Round "8.9"]
[White "Nyeki, Bence"]
[Black "Kiss, Istvan2222"]
[Result "1-0"]
[WhiteElo "1800"]
[BlackElo "1790"]
[PlyCount "85"]
[EventDate "2012.09.16"]
[EventType "team-tourn"]
[EventRounds "11"]
[EventCountry "HUN"]
[SourceTitle "EXT 2014"]
[Source "ChessBase"]
[SourceDate "2013.11.20"]
[SourceVersion "1"]
[SourceVersionDate "2013.11.20"]
[SourceQuality "1"]
[WhiteTeam "Gyor Komszomol"]
[BlackTeam "Zoltek"]
[WhiteTeamCountry "HUN"]
[BlackTeamCountry "HUN"]

1. Nf3 d6 2. d4 g6 3. c4 Bg7 4. Nc3 Nf6 5. Bf4 0-0 6. e3 Bg4 7. Be2 Nbd7 8. 0-0 c6 9. Qb3 Qb6 10. Rfd1 Qxb3 11. axb3 Nh5 12. Bg5 Rfe8 13. h3 Bxf3 14. Bxf3 Nhf6 15. b4 a6 16. b5 axb5 17. cxb5 d5 18. Rdc1 Nb6 19. b3 Rec8 20. Rxa8 Nxa8 21. Bxf6 Bxf6 22. Nxd5 Kg7 23. Nxf6 Kxf6 24. bxc6 Rxc6 25. Rxc6+ bxc6 26. Bxc6 Nb6 27. e4 Ke6 28. f4 Kd6 29. d5 e5 30. g3 f5 31. exf5 gxf5 32. fxe5+ Kxe5 33. Kf2 h5 34. Ke3 Nc8 35. Be8 h4 36. gxh4 f4+ 37. Kf3 Nd6 38. Bg6 Nb5 39. h5 Nd4+ 40. Kf2 Kf6 41. d6 Nxb3 42. d7 Ke7 43. h6 1-0

[Event "HUN-chT2 Breyer 1213"]
[Site "Hungary"]
[Date "2012.10.07"]
[Round "2.10"]
[White "Andahazy, Kolos"]
[Black "Nyeki, Bence"]
[Result "0-1"]
[WhiteElo "1827"]
[BlackElo "1800"]
[PlyCount "60"]
[EventDate "2012.09.16"]
[EventType "team-tourn"]
[EventRounds "11"]
[EventCountry "HUN"]
[SourceTitle "EXT 2014"]
[Source "ChessBase"]
[SourceDate "2013.11.20"]
[SourceVersion "1"]
[SourceVersionDate "2013.11.20"]
[SourceQuality "1"]
[WhiteTeam "Biatorbagy"]
[BlackTeam "Gyor Komszomol"]
[WhiteTeamCountry "HUN"]
[BlackTeamCountry "HUN"]

1. e4 e5 2. Nc3 Nf6 3. f4 d5 4. exd5 exf4 5. Bc4 Bd6 6. Nf3 0-0 7. 0-0 Bg4 8. d4 c6 9. Qe1 Qb6 10. Kh1 Bxf3 11. Rxf3 Qxd4 12. Bd3 g5 13. Bd2 Nbd7 14. dxc6 bxc6 15. Ne2 Qb6 16. Bf5 Rfe8 17. Rd3 Qc7 18. Ba5 Nb6 19. Rad1 Rad8 20. Qf2 Re5 21. Bxb6 axb6 22. g4 Rd5 23. Qf3 Rxd3 24. Rxd3 Bc5 25. Rxd8+ Qxd8 26. Nc3 Qd4 27. Qg2 f3 28. Qf1 Nxg4 29. Nd1 f2 30. Bxg4 Qe4+ 0-1

[Event "HUN-chT2 Breyer 1213"]
[Site "Hungary"]
[Date "2012.09.16"]
[Round "1.10"]
[White "Nyeki, Bence"]
[Black "Balogh, Peter"]
[Result "1-0"]
[WhiteElo "1800"]
[BlackElo "2002"]
[PlyCount "83"]
[EventDate "2012.09.16"]
[EventType "team-tourn"]
[EventRounds "11"]
[EventCountry "HUN"]
[SourceTitle "EXT 2014"]
[Source "ChessBase"]
[SourceDate "2013.11.20"]
[SourceVersion "1"]
[SourceVersionDate "2013.11.20"]
[SourceQuality "1"]
[WhiteTeam "Gyor Komszomol"]
[BlackTeam "Kisber Aszar"]
[WhiteTeamCountry "HUN"]
[BlackTeamCountry "HUN"]

1. d4 Nf6 2. c4 c5 3. Nf3 cxd4 4. Nxd4 e5 5. Nb5 d5 6. cxd5 Bc5 7. e3 0-0 8. Be2 e4 9. 0-0 Nbd7 10. b3 a6 11. N5a3 Ne5 12. Nc4 Bd6 13. Nxd6 Qxd6 14. Ba3 Qxd5 15. Bxf8 Kxf8 16. Nc3 Qxd1 17. Rfxd1 Be6 18. Rac1 Re8 19. Na4 Nd5 20. Rc5 Nd3 21. Bxd3 exd3 22. Rxd3 Nb4 23. Rd2 g6 24. f3 Nc6 25. Nb6 Kg7 26. Kf2 h5 27. Nc4 Kf6 28. Nd6 Re7 29. Nxb7 Ne5 30. Na5 Bd7 31. Nc4 Nxc4 32. Rxc4 Be6 33. Rc6 Ra7 34. Ke2 a5 35. Rd4 Kg7 36. Rc5 Bd7 37. Kd3 Be6 38. Ra4 Rd7+ 39. Kc2 f5 40. Raxa5 f4 41. e4 h4 42. h3 1-0

[Event "HUN-chT2 Breyer 1112"]
[Site "Hungary"]
[Date "2012.05.06"]
[Round "10.12"]
[White "Nyeki, Bence"]
[Black "Bohus, Adam"]
[Result "0-1"]
[WhiteElo "1711"]
[BlackElo "1704"]
[PlyCount "50"]
[EventDate "2011.09.25"]
[EventType "team-tourn"]
[EventRounds "11"]
[EventCountry "HUN"]
[SourceTitle "EXT 2013"]
[Source "ChessBase"]
[SourceDate "2012.11.22"]
[SourceVersion "1"]
[SourceVersionDate "2012.11.22"]
[SourceQuality "1"]
[WhiteTeam "Gyor Komszomol"]
[BlackTeam "Geniusz Tata"]
[WhiteTeamCountry "HUN"]
[BlackTeamCountry "HUN"]

1. d4 d5 2. c4 dxc4 3. Nf3 a6 4. e3 Nf6 5. Bxc4 e6 6. 0-0 c5 7. Nc3 b5 8. Bb3 Bb7 9. Qe2 Nbd7 10. Rd1 Qb6 11. d5 c4 12. dxe6 fxe6 13. Bc2 Bd6 14. e4 0-0 15. Be3 Qc7 16. a3 Ng4 17. h3 Nxe3 18. Qxe3 Ne5 19. Nd4 Bc5 20. Qg3 Rf6 21. Rd2 Raf8 22. Rf1 Bxd4 23. Rxd4 Rg6 24. Qe3 Nf3+ 25. Kh1 Qh2# 0-1